000
00332nam a2200133Ia 4500
008
150201s2008 xx 000 0 und d
082
_a
616.01
_b
M08P
100
_a
PUROHIT,SS
245
_a
MICROBIOLOGY :FUNDAMENTALS & APPLICATION
250
_a
7TH
260
_b
AGROBIOS
_a
JODHPUR
_c
2008
650
_a
MICROBIOLOGY
942
_2
ddc
_c
BK
999
_c
1082
_d
1082